000
00263nam a22001217a 4500
008
210301b ||||| |||| 00| 0 eng d
041
_a
eng
080
_a
311
100
_a
55
101
_a
STA
245
_a
Psychological Statistics
_c
McNemar,Q
942
_2
udc
_c
BK
999
_c
55377
_d
55377